| 000 | 04257cam a22007094i 4500 | ||
|---|---|---|---|
| 003 | PE-LiUPU | ||
| 005 | 20250731173258.0 | ||
| 008 | 150625s2005 pe a r 000 0 spa d | ||
| 020 | _a9972604063 | ||
| 020 | _a9789972604065 | ||
| 035 | _a(Sirsi) a35903 | ||
| 040 |
_aPE-LiUPU _bspa _cPE-LiUPU _erda |
||
| 082 | 0 | 4 |
_a266.001 _bR21 _221 |
| 082 | 0 | 4 |
_a266.001 _bR21 2005 |
| 100 | 1 |
_aRamos, Juan Próspero, _eautor. |
|
| 245 | 1 | 3 |
_aEl comienzo de la obra misionera adventista en la selva peruana / _cJuan Próspero Ramos. |
| 264 | 1 |
_aLima : _bEditorial Imprenta Unión, _c2005. |
|
| 300 |
_a117 páginas : _bilustraciones; _c23 centímetros |
||
| 336 |
_atext _2rdacontent |
||
| 337 |
_aunmediated _2rdamedia |
||
| 338 |
_avolume _2rdacarrier |
||
| 505 | 0 | _aCómo se despertó mi interés por leer las sagradas escrituras -- La obra misionera en el Perené -- La obra misionera en Metraro -- La obra misionera en Contamana -- La obra misionera en Moyobamba -- La obra misionera en Chachapoyas e Iquitos. | |
| 526 | _aSEG42 | ||
| 526 | _aSEG41 | ||
| 526 | _aSEG40 | ||
| 526 | _aSEG39 | ||
| 526 | _aP94 | ||
| 526 | _aP87 | ||
| 526 | _aP86 | ||
| 526 | _aP85 | ||
| 526 | _aP77 | ||
| 526 | _aP76 | ||
| 526 | _aP35 | ||
| 650 | 0 | 4 |
_aMisioneros _zPerú, Amazonía _vRelatos personales. |
| 650 | 0 | 4 |
_aMisiones _zPerú, Amazonía. |
| 910 |
_bjv _cng _d20050315 |
||
| 910 |
_btqv _cwelc _d20170821 |
||
| 910 |
_adbm _bncf _cncf _d20200128 |
||
| 942 |
_2ddc _cBOOK |
||
| 949 |
_a266.001 R21 _wDEWEY _c1 _i57010 _lCCODEBUL1 _mBUL _p15.00 _r0 _sY _tBOOK _u2015-06-25 _xBIBLIOTECA _zUNKNOWN _0COMPRA _o.STAFF. Colección Teología |
||
| 949 |
_a266.001 R21 _wDEWEY _c2 _i53821 _lCCODEBUL1 _mBUL _p15.00 _r0 _sY _tBOOK _u2015-06-25 _xBIBLIOTECA _zUNKNOWN _0COMPRA _o.STAFF. Colección Teología |
||
| 949 |
_a266.001 R21 2005 _wDEWEY _c1 _iFJ08565 _lCCODEBUJ1 _mBUJ _p15.00 _r0 _sY _tBOOK _u2017-08-21 _xBIBLIOTECA _zUNKNOWN _0COMPRA _o.STAFF. Colección General Juliaca |
||
| 949 |
_a266.001 R21 2005 _wDEWEY _c1 _iFT01265 _lCCODEBUT1 _mBUT _p{Dolar}10.00 _r0 _sY _tBOOK _u2017-08-21 _xBIBLIOTECA _zUNKNOWN _0COMPRA _o.STAFF. Colección General Tararpoto |
||
| 949 |
_a266.001 R21 2005 _wDEWEY _c2 _iFT00582 _lCCODEBUT1 _mBUT _p{Dolar}10.00 _r0 _sY _tBOOK _u2017-08-21 _xBIBLIOTECA _zUNKNOWN _0COMPRA _o.STAFF. Colección General Tararpoto |
||
| 949 |
_a266.001 R21 2005 _wDEWEY _c1 _iFT03138 _lCCODEBUT1 _mBUT _p{Dolar}10.00 _r0 _sY _tBOOK _u2017-08-21 _xBIBLIOTECA _zUNKNOWN _0COMPRA _o.STAFF. Colección General Tararpoto |
||
| 994 |
_aC0 _bPEPRU |
||
| 596 | _a1 2 3 4 | ||
| 999 |
_a266.001 R21 _wDEWEY _c43918 _i57010 _d43918 _e2019-6-11 _f2021-11-10 _g5 _lCCODEBUL1 _mBUL _n3 _p15.00 _q1 _r0 _sY _tBOOK _u2015-6-25 _xTEOLOGIA _PP35 _0COMPRA _o.STAFF. Colección Teología |
||
| 999 |
_a266.001 R21 _wDEWEY _c2 _i53821 _d2019-8-20 _e2017-6-12 _f2021-11-10 _g5 _lCCODEBUL1 _mBUL _n2 _p15.00 _q2 _r0 _sY _tBOOK _u2015-6-25 _xTEOLOGIA _PP35 _0COMPRA _o.STAFF. Colección Teología |
||
| 999 |
_a266.001 R21 2005 _wDEWEY _c1 _iFT01265 _f2019-2-20 _g1 _lCCODEBUT1 _mBUT _p10.00 _r0 _sY _tBOOK _u2015-11-20 _xBIBLIOTECA _zUNKNOWN _0COMPRA _o.STAFF. Colección General |
||
| 999 |
_a266.001 R21 2005 _wDEWEY _c2 _iFT00582 _f2019-2-20 _g1 _lCCODEBUT1 _mBUT _p10.00 _r0 _sY _tBOOK _u2015-11-20 _xBIBLIOTECA _zUNKNOWN _0COMPRA _o.STAFF. Colección General |
||
| 999 |
_a266.001 R21 2005 _wDEWEY _c3 _iFT03138 _f2019-2-20 _g1 _lCCODEBUT1 _mBUT _p10.00 _r0 _sY _tBOOK _u2017-5-10 _xBIBLIOTECA _zUNKNOWN _0DONACION _o.STAFF. Colección General |
||
| 999 |
_a266.001 R21 2005 _wDEWEY _c1 _iFJ08565 _d2017-8-28 _f2017-12-29 _g1 _lCCODEBUJ1 _mBUJ _p12.00 _q1 _r0 _sY _tBOOK _u2017-8-21 _xBIBLIOTECA _zUNKNOWN _0COMPRA _o.STAFF. Colección General Juliaca |
||
| 999 |
_a266.001 R21 _wDEWEY _c1 _iCW001615 _f2021-12-22 _g1 _lCCODECWL1 _mBWL _p15.00 _r1 _sY _tBOOK _u2020-1-28 _xWHITE _zUNKNOWN _0DONACION _o.STAFF. Colección Elena de White |
||
| 980 |
_81 _gALBERTO SANCHEZ Responsable de Automatización |
||